00544nam a22001817a 450000500170000001000150001702000260003203500140005803700130007208200100008510000190009524501010011426000300021527000460024530000340029150000190032570000180034420151008110711.0 aENG-113740 a9789383380282c580.00 aEN- 97272 bDBAD/PUB a004.6 aDhunna, Mukesh aWeb world & networking : cby Mukesh Dhunna [and] Deepak Vermabcomputer networks and internet / aNoidabViplav Booksc2015 a1st Floor, B-161 Sector-26bNodiae201301 axiii,353p. :c24cm(pbk)bill. aIncludes index aVerma, Deepak